000 00632nam a2200253Ia 4500
008 170203s9999 xx 000 0 und d
020 _a9781848981386
050 _a797.5
050 _b.W624h 2010
100 _aWhittall, Noel.
245 _aHang Gliding & Paragliding /
245 _cNoel Whittall.
260 _aChina :
260 _bTick Tock Media Ltd.
260 _c2010
300 _a64 pages :
300 _bcol. ill. ;
300 _c25 cm.
500 _aincludes index.
650 _a Paragliding --
650 _aHang-gliding --
650 _xJuvenile literature.
650 _xJuvenile literature.
999 _c305494
_d305494